Fast Typing 1 to 100 - Blind Typing - Statistics

General Stats
  • This quiz has been taken 148 times
  • The average score is 80 of 100
Answer Stats
# % Correct
1
100%
4
97%
2
96%
5
96%
6
96%
11
94%
3
94%
7
94%
8
94%
9
94%
10
92%
14
92%
12
91%
15
91%
17
91%
13
90%
16
90%
23
90%
18
89%
19
89%
21
89%
22
89%
20
88%
24
88%
25
88%
28
88%
30
88%
32
88%
26
87%
27
87%
29
87%
34
87%
35
87%
39
87%
40
87%
43
87%
31
86%
33
86%
42
86%
45
86%
36
84%
44
84%
37
83%
38
83%
41
83%
48
83%
50
83%
46
82%
47
82%
56
82%
49
81%
51
81%
52
81%
53
81%
54
81%
55
81%
57
80%
58
80%
59
80%
60
80%
67
79%
61
78%
63
78%
66
78%
70
77%
62
76%
64
76%
65
76%
68
76%
69
76%
77
74%
71
73%
74
73%
78
73%
72
72%
73
71%
75
71%
76
71%
90
71%
80
70%
81
70%
79
69%
83
68%
84
68%
88
68%
89
68%
82
67%
85
67%
91
67%
86
66%
92
66%
94
66%
87
64%
93
64%
99
64%
100
62%
96
62%
97
62%
98
62%
95
61%
No matching quizzes found
Score Distribution
Percent of People with Each Score
Percentile by Number Answered
Your Score History
You have not taken this quiz